000 00995nas a2200337 4500
001 BR2010003156
003 BR-BrBNA
005 20231205114108.0
007 ta
008 230509b bl.|||p| |||| 00| 00por d
040 _aBR-BrBNA
_bpor
_cBiblioteca Nacional de Agricultura
041 _a(En)
072 _aL02
100 1 _aSilva, F.M. da
100 1 _aFerreira, M. de A.
100 1 _aGuim, A.
100 1 _aPessoa, R.A.S.
100 1 _aGomes, L.H. dos S.
100 1 _aOliveira, J.C.V. de
245 1 _aReplacement of soybean meal by cottonseed meal in diets based on spineless cactus for lactating cows
650 _aGADO LEITEIRO
650 _aPROTEÍNA
650 _aPALMA FORRAGEIRA
650 _aFARELO
650 _aSOJA
650 _aVACA
650 _aLACTAÇÃO
773 0 _tRevista Brasileira de Zootecnia (Brazil)
_xISSN 1516-3598
_g(Oct 2009), v. 38(10) p. 1995-2000
_wBR2010003156
909 _a202311
_bLúcia
_c55
_dLúcia Elande
942 _2AGRIS
_n0
_cANA
999 _c207052
_d207052